The modern reporter's handbook
Contents: Making the reader understand; Working with news sources; Identification - authority - qualification; Time on your hands; Crime in the news; ...
Đã lưu trong:
| 主要作者: | |
|---|---|
| 格式: | 圖書 |
| 語言: | Undetermined |
| 出版: |
New York
Rinehart & Company
1949
|
| 主題: | |
| 標簽: |
添加標簽
沒有標簽, 成為第一個標記此記錄!
|
| Thư viện lưu trữ: | Trung tâm Học liệu Trường Đại học Cần Thơ |
|---|
| LEADER | 00686nam a2200193Ia 4500 | ||
|---|---|---|---|
| 001 | CTU_218714 | ||
| 008 | 210402s9999 xx 000 0 und d | ||
| 082 | |a 070.42 | ||
| 082 | |b J77 | ||
| 100 | |a Jones, John Paul | ||
| 245 | 4 | |a The modern reporter's handbook | |
| 245 | 0 | |c John Paul Jones | |
| 260 | |a New York | ||
| 260 | |b Rinehart & Company | ||
| 260 | |c 1949 | ||
| 520 | |a Contents: Making the reader understand; Working with news sources; Identification - authority - qualification; Time on your hands; Crime in the news; ... | ||
| 650 | |a Reporters and reporting,Phóng viên và báo cáo | ||
| 904 | |i Trúc | ||
| 980 | |a Trung tâm Học liệu Trường Đại học Cần Thơ | ||